Der heimliche Wunsch nach Nähe: Bindungstheorie und Heimerziehung

Das Buch bietet einen Überblick über die Grundannahmen und wichtigsten Ergebnisse der Bindungsforschung. Falldarstellungen aus dem Heimalltag veranschaulichen den Wert bindungstheoretischen Basiswissens.

Guardado en:  
Detalles Bibliográficos
Autor principal: Schleiffer, Roland 1947- (Autor)
Tipo de documento: Print Libro
Lenguaje:Alemán
Publicado: Weinheim Basel Beltz Juventa 2014
En:Año: 2014
Edición:5., durchgesehene Auflage
Acceso en línea: Inhaltstext (Publisher)
Índice
Disponibilidad en Tübingen:Disponible en Tübingen.
IFK: N V 298
Verificar disponibilidad: HBZ Gateway
Servicio de pedido Subito: Pedir ahora.
Palabras clave:

MARC

LEADER 00000cam a2200000 c 4500
001 1606155458
003 DE-627
005 20260212095804.0
007 tu
008 131118s2014 gw ||||| 00| ||ger c
015 |a 13,A48  |2 dnb 
016 7 |a 1041352395  |2 DE-101 
020 |a 3779929236  |q kart. : EUR 24.95 (DE) 
020 |a 9783779929239  |q  : kart. : EUR 24.95 (DE) 
024 3 |a 9783779929239 
028 5 2 |a 442923 
035 |a (DE-627)1606155458 
035 |a (DE-576)396822924 
035 |a (DE-599)BSZ396822924 
035 |a (OCoLC)865112362 
035 |a (OCoLC)864291852 
035 |a (OCoLC)865112362 
035 |a (OCoLC)864291852 
040 |a DE-627  |b ger  |c DE-627  |e rda 
041 |a ger 
044 |c XA-DE-BW  |c XA-CH 
082 0 |a 362.732019  |2 22/ger 
082 0 4 |a 360  |q DNB 
084 |a CQ 9023  |q OBV  |2 rvk  |0 (DE-625)rvk/19023:11820 
084 |a DG 3000  |q OBV  |2 rvk  |0 (DE-625)rvk/19555: 
084 |a DS 7150  |q OBV  |2 rvk  |0 (DE-625)rvk/19960: 
084 |a CQ 6000  |q BVB  |2 rvk  |0 (DE-625)rvk/19011: 
084 |a CQ 5000  |q BSZ  |2 rvk  |0 (DE-625)rvk/19007: 
084 |a 77.53  |2 bkl 
084 |a 80.83  |2 bkl 
100 1 |a Schleiffer, Roland  |d 1947-  |e VerfasserIn  |0 (DE-588)108211975  |0 (DE-627)528400525  |0 (DE-576)165148853  |4 aut 
109 |a Schleiffer, Roland 1947- 
245 1 4 |a Der heimliche Wunsch nach Nähe  |b Bindungstheorie und Heimerziehung  |c Roland Schleiffer 
250 |a 5., durchgesehene Auflage 
264 1 |a Weinheim  |a Basel  |b Beltz Juventa  |c 2014 
300 |a 300 Seiten  |c 24 cm, 418 g 
336 |a Text  |b txt  |2 rdacontent 
337 |a ohne Hilfsmittel zu benutzen  |b n  |2 rdamedia 
338 |a Band  |b nc  |2 rdacarrier 
500 |a Literaturverzeichnis: Seite 279-293 
520 |a Das Buch bietet einen Überblick über die Grundannahmen und wichtigsten Ergebnisse der Bindungsforschung. Falldarstellungen aus dem Heimalltag veranschaulichen den Wert bindungstheoretischen Basiswissens. 
520 |a This book provides an overview of the basic assumptions and key findings of attachment research. Case studies from everyday life in residential care illustrate the value of fundamental knowledge of attachment theory. [Mit KI übersetzt] 
583 1 |a Archivierung/Langzeitarchivierung gewährleistet  |f PEBW  |x XA-DE-BW  |2 pdager  |5 DE-31 
689 0 0 |d p  |0 (DE-588)119173646  |0 (DE-627)079970036  |0 (DE-576)160391504  |a Bowlby, John  |d 1907-1990  |2 gnd 
689 0 1 |d s  |0 (DE-588)4670427-9  |0 (DE-627)341837938  |0 (DE-576)21488371X  |a Bindungstheorie  |g Psychologie  |2 gnd 
689 0 |5 DE-101 
689 1 0 |d s  |0 (DE-588)4028859-6  |0 (DE-627)104419199  |0 (DE-576)208979859  |a Jugend  |2 gnd 
689 1 1 |d s  |0 (DE-588)4141551-6  |0 (DE-627)105619493  |0 (DE-576)209712236  |a Affektive Bindung  |2 gnd 
689 1 2 |d s  |0 (DE-588)4024137-3  |0 (DE-627)10630027X  |0 (DE-576)208953299  |a Heimerziehung  |2 gnd 
689 1 |5 DE-101 
856 4 2 |u https://www.gbv.de/dms/bs/toc/767582535.pdf  |m V:DE-601  |m B:DE-84  |q pdf/application  |3 Inhaltsverzeichnis  |7 1 
856 4 2 |u http://deposit.dnb.de/cgi-bin/dokserv?id=4436339&prov=M&dok_var=1&dok_ext=htm  |m X: MVB  |q text/html  |v 2013-11-27  |x Verlag  |3 Inhaltstext  |7 1 
889 |w (DE-576)9767582533 
889 |w (DE-627)767582535 
935 |i mdedup 
936 r v |a CQ 9023  |b Sekundärliteratur  |k Psychologie  |k Entwicklungspsychologie  |k Einzelne Vertreter  |k Bowlby, John  |k Sekundärliteratur  |0 (DE-627)1437670121  |0 (DE-625)rvk/19023:11820  |0 (DE-576)367670127 
936 r v |a DG 3000  |b Heimerziehung (und Alternativen)  |k Pädagogik  |k Spezialfragen der Erziehung  |k Heimerziehung (und Alternativen)  |0 (DE-627)1270707035  |0 (DE-625)rvk/19555:  |0 (DE-576)200707035 
936 r v |a DS 7150  |b Intervention in der Jugendhilfe (Erziehungshilfen, Arbeit in Heimen)  |k Pädagogik  |k Sozialpädagogik, Sozialarbeit  |k Berufsfelder  |k Jugendhilfe  |k Intervention in der Jugendhilfe (Erziehungshilfen, Arbeit in Heimen)  |0 (DE-627)1270784420  |0 (DE-625)rvk/19960:  |0 (DE-576)200784420 
936 r v |a CQ 6000  |b Kindheit und Jugend  |k Psychologie  |k Entwicklungspsychologie  |k Kindheit und Jugend  |0 (DE-627)1270875655  |0 (DE-625)rvk/19011:  |0 (DE-576)200875655 
936 r v |a CQ 5000  |b Entwicklung spezieller Verhaltensweisen und Funktionen  |k Psychologie  |k Entwicklungspsychologie  |k Entwicklung spezieller Verhaltensweisen und Funktionen  |0 (DE-627)1271480107  |0 (DE-625)rvk/19007:  |0 (DE-576)201480107 
936 b k |a 77.53  |j Entwicklungspsychologie: Allgemeines  |0 (DE-627)106413171 
936 b k |a 80.83  |j Erziehung in Erziehungseinrichtungen  |0 (DE-627)106414593 
951 |a BO 
ELC |b 1 
LOK |0 000 xxxxxcx a22 zn 4500 
LOK |0 001 3118024054 
LOK |0 003 DE-627 
LOK |0 004 1606155458 
LOK |0 005 20140306124651 
LOK |0 008 140306||||||||||||||||ger||||||| 
LOK |0 040   |a DE-21-110  |c DE-627  |d DE-21-110 
LOK |0 689   |a s  |a Bindungstheorie 
LOK |0 689   |a s  |a Bindung 
LOK |0 689   |a s  |a Heimerziehung 
LOK |0 689   |a s  |a Jugendliche 
LOK |0 689   |a s  |a Psychosoziale Folgen 
LOK |0 689   |a s  |a Persönlichkeitsentwicklung 
LOK |0 689   |a s  |a Erziehungsprobleme 
LOK |0 689   |a s  |a Erziehungshilfe 
LOK |0 689   |a s  |a Fallbeispiele 
LOK |0 852   |a DE-21-110 
LOK |0 852 1  |c N V 298  |m p  |9 00 
LOK |0 936ln  |a 8.7.3 
LOK |0 938   |a 1403 
LOK |0 938   |k p 
LOK |0 939   |a 06-03-14  |b l01 
ORI |a WA-MARC-krimdoka001.raw 
SIG |a IFK: N V 298